<?xml version="1.0" encoding="UTF-8"?>
<record
    xmlns:xsi="http://www.w3.org/2001/XMLSchema-instance"
    xsi:schemaLocation="http://www.loc.gov/MARC21/slim http://www.loc.gov/standards/marcxml/schema/MARC21slim.xsd"
    xmlns="http://www.loc.gov/MARC21/slim">

  <leader>02597nmm a22003257a 4500</leader>
  <controlfield tag="001">046816</controlfield>
  <controlfield tag="003">UAHC_CL</controlfield>
  <controlfield tag="005">20260505125250.0</controlfield>
  <controlfield tag="007">ta</controlfield>
  <controlfield tag="008">260505s2025  cl        o  d000   spspa d</controlfield>
  <datafield tag="040" ind1=" " ind2=" ">
    <subfield code="a">UAHC_CL</subfield>
    <subfield code="c">UAHC_CL</subfield>
    <subfield code="d">UAHC_CL</subfield>
  </datafield>
  <datafield tag="100" ind1=" " ind2=" ">
    <subfield code="a">Hidalgo Bochett, Carlos</subfield>
    <subfield code="9">23433</subfield>
  </datafield>
  <datafield tag="245" ind1="1" ind2="0">
    <subfield code="a">Educaci&#xF3;n ecosocial : </subfield>
    <subfield code="b">eco-alfabetizaci&#xF3;n y multidisciplinariedad en el espacio educativo</subfield>
    <subfield code="c">Carlos Hidalgo Bochett ; profesora gu&#xED;a Eliana Cardoch Meza.</subfield>
  </datafield>
  <datafield tag="264" ind1=" " ind2=" ">
    <subfield code="a">Santiago, Chile :</subfield>
    <subfield code="b">Universidad Academia de Humanismo Cristiano,</subfield>
    <subfield code="c">2025.</subfield>
  </datafield>
  <datafield tag="300" ind1=" " ind2=" ">
    <subfield code="a">73 p&#xE1;ginas.</subfield>
  </datafield>
  <datafield tag="500" ind1=" " ind2=" ">
    <subfield code="a">Tesis para optar al grado de Licenciado en Educaci&#xF3;n y al T&#xED;tulo de Profesor en Educaci&#xF3;n Media de Historia y Ciencias Sociales.</subfield>
  </datafield>
  <datafield tag="502" ind1=" " ind2=" ">
    <subfield code="a">Tesis (Pedagog&#xED;a en Historia) -- Universidad Academia de Humanismo Cristiano, 2025.</subfield>
  </datafield>
  <datafield tag="516" ind1=" " ind2=" ">
    <subfield code="a">Tesis electr&#xF3;nica (PDF). Solicitar env&#xED;o de documento a biblioteca@academia.cl.</subfield>
  </datafield>
  <datafield tag="520" ind1=" " ind2=" ">
    <subfield code="a">La crisis ecol&#xF3;gica y social contempor&#xE1;nea ha puesto en evidencia las limitaciones del sistema educativo chileno para formar ciudadanos capaces de responder a los desaf&#xED;os actuales. A pesar de los esfuerzos del Estado por alinear el curr&#xED;culo con los Objetivos de Desarrollo Sostenible, los contenidos ecol&#xF3;gicos y geogr&#xE1;ficos contin&#xFA;an siendo relegados a espacios electivos, impidiendo una educaci&#xF3;n verdaderamente ecosocial. Esta investigaci&#xF3;n propone una reorientaci&#xF3;n ecosocial del curr&#xED;culo escolar, mediante el dise&#xF1;o de una propuesta curricular ecosocial para la asignatura Geograf&#xED;a, Territorio y Desaf&#xED;os Socioambientales de Tercero Medio. La propuesta integra los principios de la educaci&#xF3;n ecosocial de Erik Assadourian con los Objetivos de Aprendizaje priorizados por el MINEDUC, desarrollando una planificaci&#xF3;n centrada en la conciencia ecol&#xF3;gica, la justicia social y la acci&#xF3;n ciudadana. El estudio, de car&#xE1;cter pedag&#xF3;gico-aplicado, demuestra la viabilidad de incorporar de forma coherente y transversal los principios ecosociales en la planificaci&#xF3;n docente, contribuyendo a una educaci&#xF3;n orientada a la sostenibilidad de la vida y al fortalecimiento del pensamiento cr&#xED;tico en el estudiantado chileno.</subfield>
  </datafield>
  <datafield tag="650" ind1=" " ind2="0">
    <subfield code="a">Educaci&#xF3;n ambiental</subfield>
    <subfield code="9">16731</subfield>
  </datafield>
  <datafield tag="650" ind1=" " ind2="0">
    <subfield code="a">Desarrollo sustentable</subfield>
    <subfield code="9">1251</subfield>
  </datafield>
  <datafield tag="650" ind1=" " ind2="0">
    <subfield code="a">Reforma educacional</subfield>
    <subfield code="9">83</subfield>
  </datafield>
  <datafield tag="650" ind1=" " ind2="0">
    <subfield code="a">Geograf&#xED;a</subfield>
    <subfield code="x">Ense&#xF1;anza</subfield>
    <subfield code="9">1166</subfield>
  </datafield>
  <datafield tag="650" ind1=" " ind2="0">
    <subfield code="a">Educaci&#xF3;n para el desarrollo sustentable</subfield>
    <subfield code="9">23434</subfield>
  </datafield>
  <datafield tag="653" ind1=" " ind2=" ">
    <subfield code="a">Conciencia ambiental</subfield>
  </datafield>
  <datafield tag="653" ind1=" " ind2=" ">
    <subfield code="a">Educaci&#xF3;n ecosocial</subfield>
  </datafield>
  <datafield tag="700" ind1=" " ind2=" ">
    <subfield code="a">Cardoch Meza, Eliana</subfield>
    <subfield code="9">20281</subfield>
    <subfield code="e">profesora gu&#xED;a</subfield>
  </datafield>
  <datafield tag="900" ind1=" " ind2=" ">
    <subfield code="a">TPHIS 263</subfield>
  </datafield>
  <datafield tag="942" ind1=" " ind2=" ">
    <subfield code="c">TS</subfield>
    <subfield code="2">ddc</subfield>
  </datafield>
  <datafield tag="999" ind1=" " ind2=" ">
    <subfield code="c">63676</subfield>
    <subfield code="d">63676</subfield>
  </datafield>
  <datafield tag="952" ind1=" " ind2=" ">
    <subfield code="0">0</subfield>
    <subfield code="1">0</subfield>
    <subfield code="4">0</subfield>
    <subfield code="7">0</subfield>
    <subfield code="8">COMP</subfield>
    <subfield code="B">PHIS</subfield>
    <subfield code="a">BC</subfield>
    <subfield code="b">BC</subfield>
    <subfield code="c">Digital</subfield>
    <subfield code="d">2026-05-05</subfield>
    <subfield code="l">0</subfield>
    <subfield code="o">TPHIS 263</subfield>
    <subfield code="r">2026-05-05 12:53:15</subfield>
    <subfield code="w">2026-05-05</subfield>
    <subfield code="y">TS</subfield>
    <subfield code="z">Documento en PDF</subfield>
  </datafield>
</record>
